Normal view
MARC view
Entry Nombre geográfico
001 - NÚMERO DE CONTROL
- campo de control: 192886
003 - IDENTIFICADOR DE NÚMERO DE CONTROL
- campo de control: mxcmmo
005 - FECHA Y HORA DE LA ÚLTIMA TRANSACCIÓN
- campo de control: 20241018062848.0
008 - ELEMENTOS DE DATO DE LONGITUD-FIJA
- campo de control de longitud fija: 241018|| aca||aabn | a|a d
040 ## - FUENTE DE CATALOGACIÓN
- Centro catalogador/agencia de origen: mxcmmo
- Centro/agencia transcriptor: mxcmmo
151 ## - ENCABEZAMIENTO--NOMBRE GEOGRÁFICO
- Nombre geográfico: México
- Subdivisión general: Relaciones exteriores
- Subdivisión geográfica: América Central
- Subdivisión cronológica: 1846-1848
670 ## - FUENTE DE DATOS ENCONTRADOS
- Cita de la fuente: Work cat.: (mxcmmo)107412: Quijano, Manuel 192885, Del Jeneral de División, y Sub-inspector Jeneral del Ejército del Estado á los Centro-americanos y con particularidad á los Hondureños